000 01249nam a2200229 a 4500
008 120416s1980 ||||||||||||||||| || u
020 _a0070213194
050 _aHF 5549.A3 Fli
100 _aFlippo, Edwin B
245 1 0 _aPersonnel management. (5th ed.)
250 _a5th ed.
260 _aNew York
_bMcGraw-Hill
_c1980
300 _axvi, 511p. : ill.
350 _a0.00
650 0 _aPERSONNEL MANAGEMENT
650 0 _aMANAGEMENT
995 _aTEXTBOOKS (ELEC.ENG.)
_D0.00
_e03883
_FCBU-SCHOOL TEXTBOOK COLLECTIONS
_H1
_I0.00
_jSCHOOL TEXTBOOK
_M4
_UAVAILABLE
_WAug 21, 2009
_y03883
_ZSchool Collections
995 _aMAIN LIBRARY OPEN ACCESS
_D0.00
_e710840
_FCBU-MAIN LIBRARY (Kitwe)
_H3
_I22.95
_jHF 5549.A3 Fli
_M3
_ULOST
_y710840
_ZMain Library Open Access Collection
995 _aTEXTBOOKS (ELEC.ENG.)
_D0.00
_e03884
_FCBU-SCHOOL TEXTBOOK COLLECTIONS
_H1
_I0.00
_jSCHOOL TEXTBOOK
_M5
_UAVAILABLE
_WAug 21, 2009
_y03884
_ZSchool Collections
995 _aMAIN LIBRARY OPEN ACCESS
_D0.00
_e710338
_FCBU-MAIN LIBRARY (Kitwe)
_H1
_I22.95
_jHF 5549.A3 Fli
_M1
_UAVAILABLE
_y006364
_ZMain Library Open Access Collection
995 _aBINDERY (DAMAGED)
_D0.00
_e710839
_FCBU-MAIN LIBRARY (Kitwe)
_H2
_I22.95
_jHF 5549.A3 Fli
_M2
_UDAMAGED
_y710839
_ZMain Library Open Access Collection
999 _c81825
_d81825